| Tag |
First Indicator |
Second Indicator |
Subfields |
| LEADER |
00000cam a2200000 i 4500 |
| 001 |
in00000053074 |
| 005 |
20190914063349.0 |
| 008 |
770520s1964 nyu b 00010 eng d |
| 010 |
|
|
|a 64062621
|
| 035 |
|
|
|a (OCoLC)02981165
|
| 035 |
|
|
|9 AAF4800AM
|
| 040 |
|
|
|a GZM
|c GZM
|d TXA
|d UtOrBLW
|
| 049 |
|
|
|a TXAM
|c [404929]
|
| 090 |
|
|
|a RC570
|b .D3 1964
|
| 092 |
|
|
|a 157.8
|b D265t
|
| 100 |
1 |
|
|a Davitz, Joel Robert.
|
| 245 |
1 |
0 |
|a Terminology and concepts in mental retardation /
|c Joel R. Davitz, Lois J. Davitz , Irving Lorge.
|
| 264 |
|
1 |
|a New York :
|b Bureau of Publications, Teachers College, Columbia University,
|c 1964.
|
| 300 |
|
|
|a viii, 127 pages ;
|c 21 cm.
|
| 336 |
|
|
|a text
|b txt
|2 rdacontent
|
| 337 |
|
|
|a unmediated
|b n
|2 rdamedia
|
| 338 |
|
|
|a volume
|b nc
|2 rdacarrier
|
| 490 |
1 |
|
|a TC series in special education
|
| 504 |
|
|
|a Bibliography: pages 105-127.
|
| 650 |
|
0 |
|a Intellectual disability.
|
| 710 |
2 |
|
|a Columbia University.
|b Teachers College.
|
| 830 |
|
0 |
|a TC series in special education.
|
| 999 |
|
|
|a MARS
|
| 999 |
f |
f |
|s cd0f1418-bdaf-3988-9ad2-bf6c5819ed90
|i df45afcc-6d15-3b30-bfd7-4691a8d3259f
|t 0
|
| 952 |
f |
f |
|p ric
|a Texas A&M University
|b Rellis Campus
|c Joint Library Facility
|d Remote Storage
|t 0
|e RC570 .D3 1964
|h Library of Congress classification
|i unmediated -- volume
|m A14800528398
|
| 998 |
f |
f |
|a RC570 .D3 1964
|t 0
|l Remote Storage
|